| 000 | 00361nam a2200157Ia 4500 | ||
|---|---|---|---|
| 008 | 230917s9999||||xx |||||||||||||| ||und|| | ||
| 040 |
_e77815 _aMAIN |
||
| 041 | _aEnglish | ||
| 082 | _a346.022 K191L | ||
| 100 | _aKapoor, S K | ||
| 245 | 0 | _aLaw of contract | |
| 250 | _a7th ed. | ||
| 260 |
_aAllahabad _bCentral Law _c1996 |
||
| 300 | _a406 p. | ||
| 942 | _cBK | ||
| 999 |
_c98217 _d98217 |
||